Végelszámolás gyakorlata egy ügyvédi iroda életében

Bibliográfiai részletek
Szerző: Berente Annamária
További közreműködők: Sisa Dr Krisztina
Dokumentumtípus: Diplomadolgozat
Kulcsszavak:Végelszámolás
Ügyvédi iroda
Felszámolás
Online Access:http://dolgozattar.uni-bge.hu/11107

MARC

LEADER 00000nta a2200000 i 4500
001 dolg11107
005 20170515164316.0
008 170515suuuu hu om 000 hun d
040 |a BGE Dolgozattár Repozitórium  |b hun 
041 |a hu 
100 1 |a Berente Annamária 
245 1 0 |a Végelszámolás gyakorlata egy ügyvédi iroda életében  |c Berente Annamária  |h [elektronikus dokumentum] 
695 |a Végelszámolás 
695 |a Ügyvédi iroda 
695 |a Felszámolás 
700 1 |a Sisa Dr Krisztina  |e ths 
856 4 0 |u http://dolgozattar.uni-bge.hu/11107/1/Szakdoga_al%C3%A1%C3%ADrt.pdf  |z Dokumentum-elérés 
856 4 0 |u http://dolgozattar.uni-bge.hu/11107/2/Titkos%C3%ADt%C3%A1s.pdf  |z Dokumentum-elérés